Statistics for Famous Lions and Tigers

Click here to take the quiz!

General Stats

  • This quiz has been taken 43 times
  • The average score is 10 of 20

Answer Stats

Hint Answer % Correct
Resident of the Hundred Acre Wood who loves to bounceTigger
90%
Title character of The Lion King; his name is Swahili for "lion"Simba
87%
One of the four main characters of The Wizard of OzThe Cowardly Lion
82%
Roars at the beginning of films like The Wizard of OzMGM Lion/Leo the Lion
79%
His power-hungry uncleScar
77%
His just and wise father, a lion king himselfMufasa
69%
His childhood friend who becomes his wifeNala
64%
Talking lion of Narnia; his name is Turkish for "lion"Aslan
64%
Animated feline from a Peter Sellers seriesThe Pink Panther
54%
Bengal tiger and antagonist of The Jungle BookShere Khan
51%
Jungle Book panther who is friend and mentor of MowgliBagheera
49%
Ben Stiller-voiced main character from MadagascarAlex
31%
The Lord of the ThunderCatsLion-O
26%
Princess Jasmine's pet tiger in AladdinRajah
26%
Killing it was the first labor of Heracles Nemean Lion
26%
One of Kung Fu Panda's Furious FiveMaster {Tigress}
23%
Was shot in Zimbabwe in 2015Cecil
23%
He-Man's battle mountBattle Cat/Cringer
18%
Hanna-Barbera mountain lion who says "Heavens to Murgatroyd!"Snagglepuss
13%
Care Bear Cousin with a red heart on his tummyBrave Heart Lion
10%

Score Distribution

Percentile by Number Answered

Percent of People with Each Score

Your Score History

You have not taken this quiz